| 000 | 01818nam a2200241Ia 4500 | ||
|---|---|---|---|
| 008 | 260220t1987||||xx |||||||||||||| ||spa|| | ||
| 040 |
_aPY-SlUNAC _bspa _erda |
||
| 041 | _aspa | ||
| 082 |
_a581.098 92 _bR823s |
||
| 100 |
_aRubens Pirani, J. _eAutor |
||
| 245 | 0 |
_aSimaroubaceae / _cpor J. Rubens Pirani [Autor] |
|
| 264 |
_aGinebra : _bConservatoire et Jardin Botaniques de la Ville de, _c℗1987. |
||
| 300 | _a1 volumen | ||
| 520 | _aEl libro de Rubens Pirani sobre la familia Simaroubaceae ofrece un análisis detallado de esta fascinante agrupación botánica, centrando su atención en la morfología, ecología y distribución geográfica de sus especies. A través de una rigurosa investigación, el autor examina las características distintivas de las plantas que pertenecen a esta familia, que se encuentra principalmente en regiones tropicales y subtropicales. Pirani también discute la importancia ecológica y económica de las Simaroubaceae, destacando su uso en la medicina tradicional y la industria. Con un enfoque sistemático, el texto incluye ilustraciones y descripciones que facilitan la identificación de las diferentes especies. Además, se abordan aspectos filogenéticos que permiten entender mejor las relaciones evolutivas dentro de la familia. Este trabajo se convierte en una referencia esencial para botánicos, ecologistas y estudiantes interesados en la diversidad vegetal, contribuyendo al conocimiento sobre un grupo de plantas que, aunque poco conocido, desempeña un papel significativo en sus ecosistemas. | ||
| 653 | _aBotánica | ||
| 653 | _aConservación de la naturaleza | ||
| 653 | _aPlantas | ||
| 942 |
_b2026/02/17 _cBK |
||
| 999 |
_c8276 _d8276 |
||